000 00336nam a2200133Ia 4500
005 20251222155126.0
008 251222s9999||||xx |||||||||||||| ||spa||
082 _aBIO 02
100 _aDIAZ, CUBERO, José
245 0 _aIntroducción a las Ciencias Biologicas
250 _a1ra. ed.
264 _bOrganización gráfica
942 _cLIB
999 _c38634
_d38634